|
|
|
|
| LEADER |
00698cam a2200205 7i4500 |
| 001 |
0000016351 |
| 005 |
20151104090000.0 |
| 005 |
##20151104120000.0 |
| 003 |
##MY-KlINT |
| 020 |
# |
# |
|a 9781137397997
|
| 039 |
# |
9 |
|y 201511041200
|z VLOAD
|
| 090 |
0 |
0 |
|a 658.152
|b MIC
|
| 100 |
1 |
# |
|a Michalski, Grzegorz
|
| 245 |
1 |
0 |
|a Value-based working capital management :
|b determining liquid asset levels in entrpreneurial environments /
|c Grzegorz Michalski.
|
| 260 |
# |
# |
|a New York:
|b Palgrave Macmillan,
|c 2014.
|
| 300 |
# |
# |
|a xx, 181p:
|b ill;
|c 22cm.
|
| 500 |
# |
# |
|a Includes bibliographical references and index
|
| 650 |
# |
0 |
|a Working capital
|
| 650 |
# |
0 |
|a Cash managementx
|
| 999 |
|
|
|a 1501069944
|b BOOK
|c Main Non-Fiction
|e INTAN BK
|